1214 1871 1623 1160 1299 1337 1694 1212 1137 1940 1894 1476 1172 1790 1749 1584 1082 1947 1812 1194 1231 1068 1679 1914 1006 1452 1646 1933 1531 1060 1253 1242 1099 1040 1297 1021 1767 1454 1372 1261 1220 1279 1642 1684 1934 1451 1389 1522 1884 1399 1798 1709 1512 1009 1530 1262 1984 1616 1753 1798 1044 1873 1944 1922 1958 1007 1743 1320 1880 1138 1601 1160 1943 1209 1076 1381 1256 1553 1648 1026 1796 1362 1752 1793 1012 1041 1332 1197 1978 1970 1413 1174 1604 1869 1202 1858 1930 1536 1902 BCNSPRNW ULIB Ver.6.0+V

เปลี่ยนเป็นภาษาไทย

Change to English
 แสดงรายละเอียดบรรณานุกรม
  กลับหน้าหลัก

Brief Record : Get Marc (ISO 2709) : E-mail record : QR code < ปิดหน้าต่าง
LEADER : 00000nam 2200000uu 4500
001    13399108487
003     ULIB
008    110305s2552||||th 000 0 tha d
020    9745884642
060 04 QV55^bส873ย 2552
100 0  สุวรรณา เรืองกาญจนเศรษฐ์
245 10 ยาในเด็ก เรียบเรียงครั้งที่ 3 /^cสุวรรณา เรืองกาญจนเศรษฐ์
250    พิมพ์ครั้งที่ 4 เรียบเรียงครั้งที่ 3
260    กรุงเทพฯ :^bชัยเจริญ,^c2552
300    ก-ผ, 226 หน้า ;^c18 ซม.
650  7 การใช้ยา^xในวัยทารกและวัยเด็ก
650  7 ยา^xการใช้และขนาด^xในวัยทารกและวัยเด็ก
945    ^p150^l0^i028847
945    ^p150^l0^i028846
945    ^p150^l0^i028848
995     เกษร
999 ^a ใช้งานได้ทุกระบบ
รายการนี้ยังไม่มีแท็ก
คุณยังไม่ได้ล็อกอิน คุณสามารถมีกิจกรรมร่วมกับเว็บไซต์ได้ แต่ต้องล็อกอินก่อน ::
  ล็อกอิน

รายการสื่อสารสนเทศ

ลำดับที่ ประเภท เลขเรียก/บาร์โค้ด สถานที่ สถานะ
- ไม่พบข้อมูล -

รายการใกล้เคียง
    ผู้แต่ง [สุวรรณา เรืองกาญจนเศรษฐ์]

BibComment


ยังไม่เคยถูกคอมเมนท์

คอมเมนท์ทรัพยากรรายการนี้
  คอมเมนท์: ยาในเด็ก เรียบเรี..


 Copyright 2026. Bcnsprnw @Library